00430cam a2200145 a 450008200270000011000140002724500620004125000120010326000500011530000240016552600370018965000250022665000080025170000250025900a346.02bKAMcL-31 P-541 aPakistan.14aThe Contract Act (IX of 1872) /cby Kameruddin Bin Abbas. a2nd ed. aLahore :bAll Pakistan Legal Decisionsc1962. ax, 213 p. ;c24 cm. a0b0c0d346_020000000000000_KAM 0aContractszPakistan. 0aMCE1 aAbbas Bin Kameruddin